000 01276 a2200217 4500
001 48777
005 20260407155753.0
008 260407a1983 arg spa d
003 AR-UNSa-BCEJYS
040 _aAR-UNSa-BCEJYS
_bspa
_cAR-UNSa-BCEJYS
080 _a349.2
_xDerecho del Trabajo
245 1 0 _aManual práctico laboral
020 _a950-543-059-0
250 _a4a.ed.
264 1 _aBuenos Aires :
_bCangallo
_c1983
300 _a357 p.
_c23 cm.
505 _a1. Disposiciones generales - 2. Contrato de trabajo - 3. Facultades del empleador - 4. Modalidades del contrato de trabajo - 5. Remuneración - 6. Vacaciones - 7. Jornada de trabajo - 8. Descanso semanal - 9. Feriados - 10. Enfermedades y accidentes inculpables - 11. Accidentes de trabajo y enfermedades profesionales - 12. Suspensiones económicas y diciplinarias - 13. Conservación del puesto - 14. Trabajo de mujeres y menores - 15. Preaviso - 16. Causas de extensión del contrato de trabajo - 17. Asociaciones profesionales - 18. Aportes contribuciones - 19. Asignaciones familiares - 20. Prescripciones e indexación - 21. Casos prácticos - 22. Documentación y papeles de trabajo - 23. Normas legales.
942 _cBK
590 _aniveau_biblio:m niveau_hierar:0
100 1 _aRubio, Valentín
999 _c4714
_d4714